000 02044 a2200229 4500
001 28198
005 20260407155554.0
008 260407a1963 arg spa d
003 AR-UNSa-BCEJYS
040 _aAR-UNSa-BCEJYS
_bspa
_cAR-UNSa-BCEJYS
080 _a657
_xContabilidad
245 1 0 _aCurso de contabilidad
_pSuperior
250 _a2a. ed
264 1 _aMéxico :
_bUnión Tipográfica Editorial Hispano-Americana (UTEHA)
_c1963
300 _a2v.(867; 546 p.)
_c23 cm.
505 _aVol. I: Teoria y preguntas y problemas: 1. Sociedades colectivas - 2. Sociedades colectivas (continuación)- 3. Sociedades colectivas (continuación) - 4. Sociedades colectivas (terminación) - 5. Especulaciones y cuentas o asociaciones en participación - 6. Consignaciones - 7. Ventas a plazos - 8. Seguros - 9. El estado de liquidación - 10. Cuentas del síndico o administrador judicial - 11. Informes sobre realización y liquidación - 12. Interés compuesto y anualidades. Fundamentos - 13. Interés compuesto y anualidades. Aplicaciones en contabilidad - 14. Herencias y administración de bienes - 15. Herencias y administración de bienes (conclusión) - 16. Contabilidad de sucursales - 17. Compañia matrices y subsidiarias - 18. Compañia matrices y subsidiarias (continuación) - 19. Compañia matrices y subsidiarias (continuación) - 20. Compañia matrices y subsidiarias (continuación) - 21. Compañia matrices y subsidiarias (continuación) - 22. Compañia matrices y subsidiarias (continuación) - 23. Compañia matrices y subsidiarias (continuación) - 24. Compañia matrices y subsidiarias (continuación) - 25. Compañia matrices y subsidiarias (continuación) - 26. Compañia matrices y subsidiarias (continuación) - 27. Cambio extranjero - 28. Contabilidad de las corporaciones públicas - Vol.II: Soluciones a los problemasy respuestas a las preguntas.
942 _cBK
590 _aniveau_biblio:m niveau_hierar:0
100 1 _aFernández Cepero, Manuel de J.
700 1 _aFinney, H.A.
700 1 _aMiller, Herbert E.
999 _c1672
_d1672